| 000 | 01410cam a22003374i 4500 | ||
|---|---|---|---|
| 999 |
_c35123 _d35123 |
||
| 001 | 4537 | ||
| 003 | CO-MdFUSB | ||
| 005 | 20181109123343.0 | ||
| 008 | 180320s1956 xxu||||| |||| 00| 0 eng d | ||
| 020 | _a0851118798 | ||
| 040 |
_aCO-MdFUSB _bspa _cCO-MdFUSB _dCO-MdFUSBC _erda |
||
| 041 | 0 | _aeng | |
| 082 | 0 | 4 |
_aG 227.5 _223 _bF767e |
| 100 | 1 |
_aFoulkes, Francis _eautor |
|
| 245 | 1 | 4 |
_aThe epistle of Paul to the Ephesians _b: an introduction a commentary _c/ Francis Foulkes |
| 264 | 1 |
_aGrand Rapids, MI., USa : _bInterVarsity Press, _c℗[1989] |
|
| 264 | 4 | _c©1989 | |
| 300 |
_a182 páginas ; _c20 cm |
||
| 336 |
_2rdacontent _atexto _btxt |
||
| 337 |
_2rdamedia _asin mediación _bn |
||
| 338 |
_2rdacarrier _avolumen _bnc |
||
| 490 | 1 | _aTyndale New Testament Commentaries | |
| 505 | _aPrefacio general -- Prefacio del autor -- Prefacio de la segunda edición -- Abreviaturas principales -- Introducción -- La naturaleza y enseñanza de la carta -- Destinación -- Efesios y Colosenses -- Argumentos para una fecha más tarde -- Otras evidencias para la autoría -- ¿Trabajo de un imitador o apóstol? -- Análisis -- Comentario | ||
| 563 | _aTapa rústica | ||
| 630 | 0 | 7 |
_aBiblia. _pEfesios |
| 653 | _aBiblia N.T. - Efesios - Comentarios | ||
| 700 |
_91438 _aMorris, Leon _eeditor general |
||
| 830 |
_aTyndale New Testament Commentaries _vNo. 10 |
||
| 942 | _cBK | ||